| 000 | 00760nam a2200253 4500 | ||
|---|---|---|---|
| 001 | 1729006 | ||
| 003 | ARRUPE | ||
| 005 | 20131210144245.0 | ||
| 008 | 731121s1970 enk b 001 0 eng | ||
| 010 | _a 73176119 | ||
| 015 | _aGB70-01101 | ||
| 020 | _a0225488736 | ||
| 040 |
_aDLC _cDLC _dDLC |
||
| 050 | 0 | 0 |
_aBX1999. _bR736 1971 |
| 100 | 1 |
_aCoughlan, Peter. _95431 |
|
| 245 | 1 | 4 |
_aThe Liturgy of the Hours: _bThe General Instruction on the Liturgy of the Hours. |
| 260 |
_aLondon, _bG. Chapman, _c1971. |
||
| 300 |
_aix, 141p.; _c22 cm. |
||
| 350 | _a£0.80 | ||
| 504 | _aIncludes bibliographical references and index. | ||
| 650 | 0 |
_aLord's Supper (Liturgy) _95432 |
|
| 906 |
_a7 _bcbc _corignew _d3 _encip _f19 _gy-gencatlg |
||
| 942 |
_2lcc _cMONOGRAPH |
||
| 999 |
_c119174 _d119174 |
||